Normal view
MARC view
Entry Personal Name
001 - CONTROL NUMBER
- control field: 37209
003 - CONTROL NUMBER IDENTIFIER
- control field: ARRUPE
005 - DATE AND TIME OF LATEST TRANSACTION
- control field: 20171018095737.0
008 - FIXED-LENGTH DATA ELEMENTS
- fixed length control field: 171018|| aca||aabn | a|a d
040 ## - CATALOGING SOURCE
- Original cataloging agency: ARRUPE
- Transcribing agency: ARRUPE
100 ## - HEADING--PERSONAL NAME
- Personal name: Saint Thomas Aquinas
670 ## - SOURCE DATA FOUND
- Source citation: Work cat.: (ARRUPE)43521: Saint Thomas Aquinas, Treatise on seperate substances